| 000 | 00967nam a22002057a 4500 | ||
|---|---|---|---|
| 999 |
_c61915 _d61915 |
||
| 003 | Ge_BSU | ||
| 005 | 20240607151150.0 | ||
| 008 | 240607s1950 ge ||||| |||| 00| 0 geo d | ||
| 041 | _ageo | ||
| 080 | _a615.89(479.22) ფ-23 | ||
| 100 |
_aფანასკერტელი, ზაზა _922362 |
||
| 245 |
_aსამკურნალო წიგნი : _bკარაბადინი / _cმიხეილ სააკაშვილის რედაქციით. |
||
| 264 |
_aთბ. : _bსაქმედგამი, _c1950. |
||
| 300 |
_a512 გვ. ; _b 25 სმ. |
||
| 653 | _aქართული ხალხური მედიცინა | ||
| 653 | _aსამკურნალო წიგნები. | ||
| 653 | _aმედიცინის ისტორია საქართველოში | ||
| 700 |
_aსააკაშვილი, მიხეილ _eრედაქტორი _922363 |
||
| 942 |
_2udc _cBK |
||